书目信息 |
| 题名: |
高校网球运动文化建设与技能教学研究
|
|
| 作者: | 张雨刚 著 | |
| 分册: | ||
| 出版信息: | 长春 吉林大学出版社 2020.03 |
|
| 页数: | 264页 | |
| 开本: | 24cm | |
| 丛书名: | ||
| 单 册: | ||
| 中图分类: | G845.2 | |
| 科图分类: | ||
| 主题词: | 网球运动--wang qiu yun dong--教学研究--高等学校 | |
| 电子资源: | ||
| ISBN: | 978-7-5692-6186-8 | |
| 000 | 01038nam0 2200229 450 | |
| 001 | 2253049987 | |
| 005 | 20221020144428.70 | |
| 010 | @a978-7-5692-6186-8@dCNY82.00 | |
| 100 | @a20200828d2020 em y0chiy50 ea | |
| 101 | 0 | @achi |
| 102 | @aCN@b220000 | |
| 105 | @aa a 000yy | |
| 200 | 1 | @a高校网球运动文化建设与技能教学研究@Agao xiao wang qiu yun dong wen hua jian she yu ji neng jiao xue yan jiu@f张雨刚著 |
| 210 | @a长春@c吉林大学出版社@d2020.03 | |
| 215 | @a264页@c图@d24cm | |
| 320 | @a有书目 (第261-264页) | |
| 330 | @a本书对高校网球运动的文化理论和教学进行了系统研究, 主要内容包括: 网球运动文化概述、高校网球运动文化建设情况与策略研究、文化视角下高校网球课堂教学与课外拓展研究、高校竞技网球运动文化建设研究、高校大学生网球基础技能素质培养研究、高校网球运动技术教学研究、高校网球运动战术教学研究、提高高校网球技能教学效果的辅助手段等。 | |
| 606 | 0 | @a网球运动@Awang qiu yun dong@x教学研究@x高等学校 |
| 690 | @aG845.2@v5 | |
| 701 | 0 | @a张雨刚@Azhang yu gang@4著 |
| 801 | 0 | @aCN@b人天书店@c20200828 |
| 905 | @aZUCC@dG845.2@e2 | |
| 高校网球运动文化建设与技能教学研究/张雨刚著.-长春:吉林大学出版社,2020.03 |
| 264页:图;24cm |
| ISBN 978-7-5692-6186-8:CNY82.00 |
| 本书对高校网球运动的文化理论和教学进行了系统研究, 主要内容包括: 网球运动文化概述、高校网球运动文化建设情况与策略研究、文化视角下高校网球课堂教学与课外拓展研究、高校竞技网球运动文化建设研究、高校大学生网球基础技能素质培养研究、高校网球运动技术教学研究、高校网球运动战术教学研究、提高高校网球技能教学效果的辅助手段等。 |
| ● |
| 相关链接 |
|
|
|
正题名:高校网球运动文化建设与技能教学研究
索取号:G845.2/2
 
预约/预借
| 序号 | 登录号 | 条形码 | 馆藏地/架位号 | 状态 | 备注 |
| 1 | 2000915497 | 2000915497 | 第三书库/ [索取号:G845.2/2] | 在馆 | |
| 2 | 2000915498 | 2000915498 | 第三书库/ [索取号:G845.2/2] | 在馆 | |
| 3 | 2000915499 | 2000915499 | 第三书库/ [索取号:G845.2/2] | 在馆 |